Realizačný projekt ZTI v programe TECHCON s využitím zrážkovej vody pre bytový dom s polyfunkciou

Salvato in:
Dettagli Bibliografici
Autore principale: Kusý, Matej (Autore)
Altri autori: Peráčková, Jana (Relatore della tesi)
Natura: Manoscritto Libro
Lingua:slovacco
Pubblicazione: 2018
Soggetti:
Accesso online:http://is.stuba.sk/zp/portal_zp.pl?podrobnosti=137801
https://opac.crzp.sk/?fn=detailBiblioForm&sid=752BE197E3AE405D408AF979404B
Tags: Aggiungi Tag
Nessun Tag, puoi essere il primo ad aggiungerne!!

MARC

LEADER 00000ntm a22000003a 4500
001 stuzp68390
003 SK-STU
005 20230623135335.5
007 ta
008 150427s2015----xo-----f-mn---000-0-slo-d
040 |a STU  |b slo 
041 0 |a slo 
100 1 |a Kusý, Matej  |u 010290  |4 aut  |U SvF Stavebná fakulta  |T SvF Katedra technických zariadení budov  |X 9584  |U V290  |Y 31  |7 9584 
242 0 1 |a Design projekt of sanitary technik in software TECHCON with using of precipitation water for a multifunctional apartment building  |y eng 
245 1 0 |a Realizačný projekt ZTI v programe TECHCON s využitím zrážkovej vody pre bytový dom s polyfunkciou 
260 |c 2018 
650 4 |a zrážková voda  |2 slo 
650 4 |a bytový dom s polyfunkciou  |2 slo 
650 4 |a akumulácia  |2 slo 
650 4 |a rainwater  |2 eng 
650 4 |a multifunctional apartment building  |2 eng 
650 4 |a accumulation  |2 eng 
700 1 |a Peráčková, Jana  |u 010290  |k Z1  |4 ths  |U SvF Stavebná fakulta  |T SvF Katedra technických zariadení budov  |X 2739  |U V290  |Y 31  |7 A000002739 
856 4 |u http://is.stuba.sk/zp/portal_zp.pl?podrobnosti=137801 
856 4 |u https://opac.crzp.sk/?fn=detailBiblioForm&sid=752BE197E3AE405D408AF979404B